Chemistry of soil constituents. (Record no. 31972)
[ view plain ]
| 000 -LEADER | |
|---|---|
| fixed length control field | 00333nam a2200133Ia 4500 |
| 082 ## - DEWEY DECIMAL CLASSIFICATION NUMBER | |
| Classification number | 631.41 |
| Item number | GRE |
| 100 ## - MAIN ENTRY--AUTHOR NAME | |
| Personal name | GREENLAND, D J |
| 245 #0 - TITLE STATEMENT | |
| Title | Chemistry of soil constituents. |
| 260 ## - PUBLICATION, DISTRIBUTION, ETC. (IMPRINT) | |
| Place of publication | Chichester |
| Name of publisher | Wiley |
| Year of publication | 1978 |
| 650 ## - SUBJECT ADDED ENTRY--TOPICAL TERM | |
| Topical Term | Soil chemistry |
| 700 ## - ADDED ENTRY--PERSONAL NAME | |
| Personal name | HAYES, M H |
| 942 ## - ADDED ENTRY ELEMENTS (KOHA) | |
| Koha item type | Books |
| Withdrawn status | Lost status | Damaged status | Not for loan | Home library | Current library | Date acquired | Full call number | Accession Number | Koha item type |
|---|---|---|---|---|---|---|---|---|---|
| RRII Library | RRII Library | 16/12/2021 | 631.41 GRE | 12498 | Books |